Hướng dẫn thực hành chứng từ - sổ sách - báo cáo kế toán /

Guardat en:
Dades bibliogràfiques
Autor principal: Bùi Văn Dương
Format: Sách giấy
Idioma:Vietnamese
Publicat: TP.HCM : Trường Đại học Kinh tế , 1996
Etiquetes: Afegir etiqueta
Sense etiquetes, Sigues el primer a etiquetar aquest registre!
Thư viện lưu trữ: Thư viện Trường Đại học Đà Lạt
LEADER 00643nam a2200253 4500
001 DLU020014370
005 ##6/27/2000
020 # # |a 978- 
041 # # |a vie 
082 # # |a 657  |b BU-D 
090 # # |a 657  |b BU-D 
100 # # |a Bùi Văn Dương 
245 # # |a Hướng dẫn thực hành chứng từ - sổ sách - báo cáo kế toán /  |c Bùi Văn Dương 
260 # # |a TP.HCM :  |b Trường Đại học Kinh tế ,  |c 1996 
300 # # |a 400 tr.;   |c 28 cm. 
992 # # |a 52000 
994 # # |a DLU 
900 # # |a False 
911 # # |a Administrator 
925 # # |a G 
926 # # |a A 
927 # # |a SH 
980 # # |a Thư viện Trường Đại học Đà Lạt